| 000 | 00888nam a2200229Ii 4500 | ||
|---|---|---|---|
| 003 | JO-AjNU | ||
| 008 | 230605s9999||||xx |||||||||||||| ||und|| | ||
| 017 | _a2000/2/403 | ||
| 020 | _a9957-409-01-0 | ||
| 040 |
_aJO-AjNU _bara _erda _cJO-AjNU |
||
| 041 | _aara | ||
| 050 | 1 | 4 | _aDS38.2.I2632 2000 |
| 100 | 3 |
_a بن جنيد، يحي محمود, _eauthor _960966 |
|
| 245 | 0 | 0 | _aالعرب في آسيا الوسطى:الوجود الاثني والتجذير الثقافي |
| 250 | _aالطبعة الاولى | ||
| 264 | 3 | 1 | _aعمان: دار الحامد للنشر والتوزيع، 2000 |
| 300 |
_a332ص _b ويحتوي على ملاحق و قائمة مراجع وكشاف من ص231ص- 332ص |
||
| 336 |
_atext _btxt _2rdacontent |
||
| 337 |
_aunmediated _bn _2rdamedia |
||
| 338 |
_avolume _bnc _2rdacarrier |
||
| 650 | 4 |
_aعرب- اسيا الوسطى- مسلمون _960967 |
|
| 999 |
_aA27529 _c31097 _d31097 |
||